Thomas Jefferson C

Abigail Lee, Aaryan Sumesh, Anthony Zhao, Aarushi Kanigicherla


Current Events - U.S.120.00100%100%0%
Current Events - World210.00100%0%0%
Fine Arts - Architecture120.00100%100%0%
Fine Arts - Ballet/Dance120.00100%100%0%
Fine Arts - Film313.33100%33%0%
Fine Arts - Jazz110.00100%0%0%
Fine Arts - Miscellaneous215.00100%50%0%
Fine Arts - Music1110.9173%18%18%
Fine Arts - Opera210.0050%50%0%
Fine Arts - Painting715.7186%71%0%
Fine Arts - Photography110.00100%0%0%
Fine Arts - Sculpture415.00100%50%0%
Geography - Europe120.00100%100%0%
Geography - United States120.00100%100%0%
Geography - World313.3367%67%0%
History - American917.7889%67%22%
History - Cross, Historiography, and Miscellaneous922.22100%89%33%
History - European1024.00100%90%50%
History - World920.00100%67%33%
Literature - American915.56100%56%0%
Literature - British820.00100%88%13%
Literature - European1018.00100%70%10%
Literature - World and Miscellaneous618.33100%83%0%
Other - Other Academic and General Knowledge415.00100%25%25%
RMP - Buddhism120.00100%100%0%
RMP - Christian Practice110.00100%0%0%
RMP - East Asian Religion110.00100%0%0%
RMP - Greco-Roman Mythology420.00100%75%25%
RMP - Hinduism120.00100%100%0%
RMP - Jewish Practice120.00100%100%0%
RMP - New Testament313.33100%33%0%
RMP - Other Religion120.00100%0%100%
RMP - Philosophy510.0060%0%40%
RMP - World Mythology727.14100%100%71%
Science - Astronomy420.00100%50%50%
Science - Biology1117.2791%73%9%
Science - Chemistry920.0089%78%33%
Science - Computer Science120.00100%100%0%
Science - Earth417.50100%75%0%
Science - Engineering and Miscellaneous210.00100%0%0%
Science - Math417.50100%50%25%
Science - Physics1217.5092%67%17%
Social Science - Other120.00100%100%0%
Social Science - Psychology316.67100%33%33%
Social Science - Sociology110.000%100%0%